00651cam a2200169 a 4500020001500000040000800015082002600023245006400049260009500113300008000208650002100288700002300309700002000332710006100352710004200413710002600455 a9251045879 cUKM04a578 FOO 2001 A082 Or.04aThe living marine resources of the Western Central Pacific. aRome :a[Great Britain] :bFood and Agriculture Organization of the United Nations,c2001. aiii, p. 2791-3379, [4] leaves of plates :bill. (some col.), maps ;c25 cm. 0aMarine organisms1 aCarpenter, Kent E.1 aNiem, Volker H.2 aFood and Agriculture Organization of the United Nations.2 aSouth Pacific Forum Fisheries Agency.2 aNORAD (Organisation).